书目信息 |
| 题名: |
斯大林时代
|
|
| 作者: | 斯特朗 , Strong 著 ;石人 译 | |
| 分册: | ||
| 出版信息: | 北京 世界知识出版社 1979 |
|
| 页数: | 181页 | |
| 开本: | 20cm | |
| 丛书名: | ||
| 单 册: | ||
| 中图分类: | K512.5 | |
| 科图分类: | ||
| 主题词: | 现代史-苏联 | |
| 电子资源: | ||
| ISBN: | 11003.502 | |
| 000 | 00761nam0 2200265 450 | |
| 001 | 0179009920 | |
| 005 | 20100712215656.0 | |
| 010 | @a11003.502@dCNY0.58 | |
| 091 | @a11003.502 | |
| 100 | @a19961012d1979 em y0chiy0110 ea | |
| 101 | 1 | @achi@ceng |
| 102 | @aCN@b110000 | |
| 105 | @ay z 000yy | |
| 106 | @ar | |
| 200 | 1 | @a斯大林时代@9Si Da;Dai Lin Shi Dai @f(美)斯特朗(A.L.Strong)著@g石人译 |
| 210 | @a北京@c世界知识出版社@d1979 | |
| 215 | @a181页@d20cm | |
| 606 | 0 | @a现代史-苏联 |
| 607 | @a苏联-现代史 | |
| 690 | @aK512.5@v3 | |
| 701 | 1 | @c(美)@a斯特朗@9si te lang@c(女, Strong, Anna Louise@f1885~1970)@4著 |
| 701 | 1 | @aStrong@bA.L.@4著 |
| 702 | 0 | @a石人@9shi ren@4译 |
| 801 | 0 | @aCN@bAzMarc@c20130904 |
| 905 | @aBZT@dK512.5@e2@f1@sK512.5/2 | |
| 斯大林时代/(美)斯特朗(A.L.Strong)著/石人译.-北京:世界知识出版社,1979 |
| 181页;20cm |
| ISBN 11003.502:CNY0.58 |
| ● |
| 相关链接 |
|
|
|
正题名:斯大林时代
索取号:K512.5/2
 
预约/预借
| 序号 | 登录号 | 条形码 | 馆藏地/架位号 | 状态 | 备注 |
| 1 | 2000082005 | 2000082005 | 旧书回溯/ [索取号:K512.5/2] | 在馆 |